Peptidomics : methods and applications
שמור ב:
| פורמט: | ספר |
|---|---|
| שפה: | Undetermined |
| יצא לאור: |
Hoboken, N.J.
Wiley-Interscience
2008
|
| נושאים: | |
| תגים: |
הוספת תג
אין תגיות, היה/י הראשונ/ה לתייג את הרשומה!
|
| Thư viện lưu trữ: | Trung tâm Học liệu Trường Đại học Cần Thơ |
|---|
| LEADER | 00574nam a2200193Ia 4500 | ||
|---|---|---|---|
| 001 | CTU_163748 | ||
| 008 | 210402s9999 xx 000 0 und d | ||
| 020 | |c 121 | ||
| 082 | |a 612.015756 | ||
| 082 | |b P421 | ||
| 245 | 0 | |a Peptidomics : | |
| 245 | 0 | |b methods and applications | |
| 245 | 0 | |c edited by Mikhail Soloviev, Chris Shaw, Per Andrén | |
| 260 | |a Hoboken, N.J. | ||
| 260 | |b Wiley-Interscience | ||
| 260 | |c 2008 | ||
| 650 | |a Peptides,Proteomics,Chuỗi axit amin,Protein học | ||
| 910 | |a Nguyên | ||
| 980 | |a Trung tâm Học liệu Trường Đại học Cần Thơ | ||